[Event "I. CLANSKA LIGA ZAHOD 2025"]
[Site "Komenda"]
[Date "2025.09.26"]
[Round "1.1"]
[White "Praznik, Niko"]
[Black "Skoberne, Jure"]
[Result "0-1"]
[WhiteElo "2297"]
[BlackElo "2546"]
[PlyCount "70"]
[EventDate "2025.09.26"]
[WhiteTeam "SD VRHNIKA"]
[BlackTeam "SD POSOCJE"]

1. Nf3 Nf6 2. b3 b6 3. Bb2 Bb7 4. e3 e6 5. Be2 Be7 6. O-O O-O 7. d4 d5 8. Nbd2
Nbd7 9. c4 c5 10. Rc1 Rc8 11. Re1 Rc7 12. Rc2 Qa8 13. Qa1 dxc4 14. Rxc4 Ba6 15.
Rcc1 Bxe2 16. Rxe2 Rfc8 17. Ree1 Qb7 18. Red1 b5 19. dxc5 Nxc5 20. Ne5 Nd5 21.
Ndf3 Ne4 22. Rxc7 Qxc7 23. Rc1 Ndc3 24. Rc2 b4 25. Nc4 Rd8 26. Bxc3 bxc3 27.
Nd4 Bf6 28. f3 Rxd4 29. exd4 Bxd4+ 30. Kf1 Qxh2 31. Ke2 e5 32. Ne3 Ng3+ 33. Kd3
Qh6 34. Qc1 Qa6+ 35. Nc4 Qg6# 0-1

[Event "I. CLANSKA LIGA ZAHOD 2025"]
[Site "Komenda"]
[Date "2025.09.26"]
[Round "1.1"]
[White "Srebrnic, Marko"]
[Black "Okorn, Nejc"]
[Result "1-0"]
[WhiteElo "2331"]
[BlackElo "1919"]
[PlyCount "65"]
[EventDate "2025.09.26"]
[WhiteTeam "SD POSOCJE"]
[BlackTeam "SD VRHNIKA"]

1. e4 e5 2. Nc3 Nc6 3. Bc4 Bc5 4. d3 a6 5. Be3 Nd4 6. Nf3 d6 7. Bxd4 exd4 8.
Ne2 Bb4+ 9. Kf1 c5 10. h4 Be6 11. Bxe6 fxe6 12. c3 dxc3 13. bxc3 Ba5 14. Qb3
Qd7 15. Ng5 e5 16. Ng3 Nh6 17. Nf5 Nxf5 18. exf5 O-O-O 19. g4 Rdf8 20. Ne4 h5
21. Qd5 Bc7 22. Rb1 Bb8 23. f3 Qc6 24. Qxc6+ bxc6 25. Kg2 Bc7 26. c4 Kd7 27.
Rb7 Rb8 28. Rxb8 Rxb8 29. Kh3 Ke7 30. gxh5 Rb2 31. Rg1 Kf7 32. f6 gxf6 33. h6
1-0

[Event "I. CLANSKA LIGA ZAHOD 2025"]
[Site "Komenda"]
[Date "2025.09.26"]
[Round "1.1"]
[White "Zlindra, Aljaz"]
[Black "Podlesnik, Bogdan"]
[Result "0-1"]
[WhiteElo "1995"]
[BlackElo "2292"]
[PlyCount "116"]
[EventDate "2025.09.26"]
[WhiteTeam "SD VRHNIKA"]
[BlackTeam "SD POSOCJE"]

1. e4 c5 2. Nf3 Nc6 3. d4 cxd4 4. Nxd4 Nf6 5. Nc3 g6 6. Nxc6 bxc6 7. e5 Ng8 8.
Bd3 Bg7 9. Qe2 f6 10. exf6 Nxf6 11. O-O O-O 12. Bg5 d5 13. h3 Re8 14. Rfe1 e5
15. Qd2 Bf5 16. Rad1 Qd6 17. Bh6 Bxh6 18. Qxh6 e4 19. Bf1 Qb4 20. Qd2 a5 21. b3
Rad8 22. Na4 Qxd2 23. Rxd2 Kg7 24. Nc5 Nd7 25. Nb7 Ra8 26. Nd6 Re6 27. Nc4 Re7
28. Ne3 Nb6 29. c4 Rd7 30. Red1 Rad8 31. cxd5 cxd5 32. Nc2 Kf6 33. Nd4 Rc7 34.
Bb5 Rc5 35. g4 Bc8 36. Kg2 h5 37. Kg3 Rc3+ 38. f3 Rf8 39. Be2 Ke5 40. Rc2 Rxc2
41. Nxc2 h4+ 42. Kf2 Bb7 43. Nd4 Rc8 44. fxe4 dxe4 45. Bf1 Rc3 46. Ne2 Rf3+ 47.
Ke1 Ba6 48. Bg2 Re3 49. Rd2 Nd5 50. Kf2 Rxe2+ 51. Rxe2 Bxe2 52. Kxe2 Nf4+ 53.
Kf1 Kd4 54. Bh1 Kd3 55. a3 e3 56. b4 axb4 57. axb4 e2+ 58. Ke1 Ke3 0-1

[Event "I. CLANSKA LIGA ZAHOD 2025"]
[Site "Komenda"]
[Date "2025.09.26"]
[Round "1.1"]
[White "Biti, Ozren"]
[Black "Praznik, Anton"]
[Result "1-0"]
[WhiteElo "2270"]
[BlackElo "1962"]
[PlyCount "75"]
[EventDate "2025.09.26"]
[WhiteTeam "SD POSOCJE"]
[BlackTeam "SD VRHNIKA"]

1. e4 d5 2. exd5 Qxd5 3. Nf3 Nf6 4. d4 Bg4 5. Be2 e6 6. c4 Qa5+ 7. Bd2 Bb4 8.
Nc3 c6 9. a3 Bxc3 10. Bxc3 Qc7 11. d5 Nbd7 12. dxe6 Bxe6 13. Nd4 O-O 14. Nxe6
fxe6 15. O-O Rae8 16. Qc2 e5 17. Rad1 c5 18. Qd2 Nb8 19. Qe3 b6 20. b4 Qe7 21.
b5 Nbd7 22. Rd2 e4 23. Rfd1 Ne5 24. Qg3 Qe6 25. Rd6 Qe7 26. h3 Kh8 27. a4 Nd3
28. Bxd3 Nh5 29. Qh2 Nf4 30. Bf1 e3 31. Rd7 exf2+ 32. Kh1 Qxd7 33. Rxd7 Re1 34.
Qxf4 Rxf1+ 35. Kh2 Rh1+ 36. Kxh1 f1=Q+ 37. Qxf1 Rxf1+ 38. Kh2 1-0

[Event "I. CLANSKA LIGA ZAHOD 2025"]
[Site "Komenda"]
[Date "2025.09.26"]
[Round "1.1"]
[White "Omahen, Gasper"]
[Black "Beletic, Danijel"]
[Result "0-1"]
[WhiteElo "1985"]
[BlackElo "2269"]
[PlyCount "54"]
[EventDate "2025.09.26"]
[WhiteTeam "SD VRHNIKA"]
[BlackTeam "SD POSOCJE"]

1. e4 c6 2. d4 d5 3. f3 Qb6 4. Nc3 e6 5. Nge2 Nf6 6. Rb1 c5 7. Be3 Nc6 8. dxc5
Bxc5 9. Bxc5 Qxc5 10. Ng3 O-O 11. Bd3 Rd8 12. Qe2 Ne5 13. Kd2 b6 14. Rbd1 d4
15. Nb1 Qa5+ 16. Kc1 Qxa2 17. f4 Nxd3+ 18. Qxd3 Bb7 19. h3 Rac8 20. e5 Nd5 21.
Qxd4 Rc4 22. Qf2 Rdc8 23. Rd2 Rb4 24. c3 Nxc3 25. Nxc3 Rxc3+ 26. Kd1 Qb1+ 27.
Ke2 Ba6+ 0-1

[Event "I. CLANSKA LIGA ZAHOD 2025"]
[Site "Komenda"]
[Date "2025.09.26"]
[Round "1.1"]
[White "Timagin, Petr"]
[Black "Sever, Gasper"]
[Result "1-0"]
[WhiteElo "2312"]
[BlackElo "1856"]
[PlyCount "95"]
[EventDate "2025.09.26"]
[WhiteTeam "SD POSOCJE"]
[BlackTeam "SD VRHNIKA"]

1. e4 e5 2. Bc4 Nf6 3. d3 Bc5 4. Nc3 a6 5. h3 Nc6 6. Nge2 d6 7. O-O Na5 8. Ng3
Nxc4 9. dxc4 Be6 10. b3 Qd7 11. Qf3 O-O-O 12. Bg5 Rhg8 13. Nd5 Bxd5 14. cxd5 h6
15. Bxf6 gxf6 16. Nf5 Rg6 17. g3 Rg5 18. h4 Rg6 19. Kg2 Rh8 20. h5 Rg5 21. a3
Kd8 22. b4 Bb6 23. c4 Rxf5 24. Qxf5 Qxf5 25. exf5 Rg8 26. Kh3 Kd7 27. Rae1 Rg5
28. Kh4 Bd4 29. Re4 Bb2 30. Rb1 Bd4 31. f4 Rg8 32. fxe5 Bxe5 33. Rg4 Rg5 34.
Rf1 c6 35. dxc6+ bxc6 36. Rxg5 fxg5+ 37. Kg4 f6 38. Rb1 Kc7 39. Kf3 Bc3 40. Rb3
Bd4 41. Ke4 Bf2 42. g4 Bb6 43. Rb2 Kd8 44. a4 Kc8 45. b5 cxb5 46. cxb5 a5 47.
Kd5 Kd7 48. Re2 1-0

[Event "I. CLANSKA LIGA ZAHOD 2025"]
[Site "Komenda"]
[Date "2025.09.26"]
[Round "1.2"]
[White "Brezovar, Matjaz"]
[Black "Stevanic, David"]
[Result "0-1"]
[WhiteElo "2185"]
[BlackElo "2311"]
[PlyCount "48"]
[EventDate "2025.09.26"]
[WhiteTeam "SK DOLENJSKE TOPLICE"]
[BlackTeam "SK KOCEVJE"]

1. Nf3 d5 2. g3 c5 3. Bg2 Nc6 4. d4 Bg4 5. Ne5 Nxe5 6. dxe5 e6 7. c4 Ne7 8. O-O
Qd7 9. h3 Bh5 10. cxd5 exd5 11. Nc3 d4 12. Ne4 Nc6 13. f4 Bg6 14. g4 Bxe4 15.
Bxe4 h5 16. e3 g6 17. Rf2 hxg4 18. hxg4 O-O-O 19. Qf3 Rh4 20. Rg2 Be7 21. Bxc6
bxc6 22. Bd2 Rdh8 23. Rc1 Rh1+ 24. Kf2 Bh4+ 0-1

[Event "I. CLANSKA LIGA ZAHOD 2025"]
[Site "Komenda"]
[Date "2025.09.26"]
[Round "1.2"]
[White "Acimovic, Vasja"]
[Black "Luzar, Emil"]
[Result "1-0"]
[WhiteElo "2285"]
[BlackElo "2111"]
[PlyCount "77"]
[EventDate "2025.09.26"]
[WhiteTeam "SK KOCEVJE"]
[BlackTeam "SK DOLENJSKE TOPLICE"]

1. d4 Nf6 2. c4 g6 3. Nc3 Bg7 4. e4 d6 5. Nge2 O-O 6. Ng3 e5 7. d5 a5 8. Be2
Nbd7 9. h4 Ne8 10. h5 g5 11. h6 Bf6 12. Be3 Kh8 13. Bg4 Nb6 14. Bxb6 cxb6 15.
Nb5 Nc7 16. O-O Be7 17. Rc1 f6 18. Bxc8 Qxc8 19. Nf5 Qd7 20. Qb3 Na6 21. Nc3
Bd8 22. Qb5 Qc7 23. Na4 Rc8 24. Ng7 Qe7 25. Nxb6 Bxb6 26. Qxb6 Nc5 27. Nf5 Qc7
28. Qxc7 Rxc7 29. Nxd6 Rd7 30. Nf5 Nxe4 31. Rfd1 Rc8 32. b3 Kg8 33. a3 Kf7 34.
b4 axb4 35. axb4 g4 36. c5 Kg6 37. Ne3 f5 38. Nc4 Kf6 39. Nb6 1-0

[Event "I. CLANSKA LIGA ZAHOD 2025"]
[Site "Komenda"]
[Date "2025.09.26"]
[Round "1.2"]
[White "Stubljar, Andrej"]
[Black "Acimovic, Sergej"]
[Result "0-1"]
[WhiteElo "1995"]
[BlackElo "2167"]
[PlyCount "60"]
[EventDate "2025.09.26"]
[WhiteTeam "SK DOLENJSKE TOPLICE"]
[BlackTeam "SK KOCEVJE"]

1. e3 Nf6 2. d3 e5 3. c3 d5 4. b3 Bd6 5. a3 O-O 6. Ra2 c5 7. c4 Nc6 8. g3 Bg4
9. Be2 Be6 10. Bf3 dxc4 11. dxc4 e4 12. Be2 Qe7 13. Bb2 Rfd8 14. Nd2 Be5 15.
Qc2 Bf5 16. h3 Rd6 17. Bc1 Re8 18. Bf1 Nd4 19. Qd1 Nf3+ 20. Ngxf3 exf3 21. Bb2
Bxg3 22. Qxf3 Bh4 23. Rg1 Qxe3+ 24. Qxe3 Rxe3+ 25. Be2 Rde6 26. Kd1 Rxe2 27.
Nf3 Bc2+ 28. Kc1 Bxf2 29. Rxg7+ Kxg7 30. Bxf6+ Rxf6 0-1

[Event "I. CLANSKA LIGA ZAHOD 2025"]
[Site "Komenda"]
[Date "2025.09.26"]
[Round "1.2"]
[White "Zuzek, Bor"]
[Black "Pucelj, Joze"]
[Result "1-0"]
[WhiteElo "2073"]
[BlackElo "1969"]
[PlyCount "73"]
[EventDate "2025.09.26"]
[WhiteTeam "SK KOCEVJE"]
[BlackTeam "SK DOLENJSKE TOPLICE"]

1. Nc3 g6 2. d4 Bg7 3. e4 d6 4. Be3 Nc6 5. Qd2 e5 6. Nge2 exd4 7. Nxd4 Nf6 8.
f3 Nxd4 9. Bxd4 Be6 10. O-O-O a6 11. g4 Qe7 12. h4 O-O-O 13. g5 Nh5 14. Bxg7
Nxg7 15. Qd4 Nh5 16. Qa7 Ng3 17. Rg1 Nxf1 18. Rgxf1 c6 19. Rd4 Qc7 20. Rfd1 Qb8
21. Qb6 Qc7 22. Qa7 Qb8 23. Qxb8+ Kxb8 24. Rxd6 Rxd6 25. Rxd6 h6 26. Rd2 hxg5
27. hxg5 Rh1+ 28. Rd1 Rh3 29. Rf1 Kc7 30. Rf2 Kd6 31. Kd2 b5 32. a3 a5 33. Ke3
Ke5 34. Ne2 Rh1 35. Nf4 Bd7 36. Rd2 Be6 37. Nd3+ 1-0

[Event "I. CLANSKA LIGA ZAHOD 2025"]
[Site "Komenda"]
[Date "2025.09.26"]
[Round "1.2"]
[White "Voglar, Peter"]
[Black "Mestek, Igor"]
[Result "1/2-1/2"]
[WhiteElo "1954"]
[BlackElo "2032"]
[PlyCount "75"]
[EventDate "2025.09.26"]
[WhiteTeam "SK DOLENJSKE TOPLICE"]
[BlackTeam "SK KOCEVJE"]

1. d4 d5 2. c4 dxc4 3. Nc3 e5 4. e3 Nf6 5. Bxc4 Nc6 6. Nge2 exd4 7. exd4 Bd6 8.
h3 h6 9. a3 a6 10. b4 O-O 11. O-O Bf5 12. Kh1 Re8 13. Ng1 Qd7 14. Bb2 Rad8 15.
b5 Na5 16. Be2 axb5 17. Bxb5 c6 18. Bd3 Bc7 19. Nce2 b5 20. Bc3 Nd5 21. Qc2
Bxd3 22. Qxd3 Nc4 23. a4 Qd6 24. g3 Qd7 25. axb5 cxb5 26. Kh2 Re6 27. Bd2 Rde8
28. Bc1 Rf6 29. Kg2 Qe7 30. Kh2 Qd7 31. Rb1 Rfe6 32. Nc3 Nxc3 33. Qxc3 Qd5 34.
Qf3 Qxd4 35. Rxb5 Rf6 36. Qg2 Nd2 37. Bxd2 Qxd2 38. Rb3 1/2-1/2

[Event "I. CLANSKA LIGA ZAHOD 2025"]
[Site "Komenda"]
[Date "2025.09.26"]
[Round "1.2"]
[White "Mihic, Adam"]
[Black "Janko, Marko"]
[Result "0-1"]
[WhiteElo "1864"]
[BlackElo "1717"]
[PlyCount "60"]
[EventDate "2025.09.26"]
[WhiteTeam "SK KOCEVJE"]
[BlackTeam "SK DOLENJSKE TOPLICE"]

1. e4 e5 2. Nf3 Nc6 3. Bc4 Bc5 4. c3 d6 5. d4 exd4 6. cxd4 Bb4+ 7. Nc3 Bg4 8.
O-O Nf6 9. Bb5 O-O 10. Bxc6 bxc6 11. Qd3 h6 12. a3 Bxc3 13. bxc3 Re8 14. Re1
Bh5 15. Bf4 Bg6 16. Nd2 d5 17. f3 Nh5 18. Be5 dxe4 19. Qe2 exf3 20. Qxf3 f6 21.
Qxc6 fxe5 22. Qxg6 Nf4 23. Qf5 g6 24. Qg4 g5 25. Nf3 exd4 26. Nxd4 Rb8 27. Qf5
Rb6 28. g3 Rf8 29. Qe4 Nh3+ 30. Kh1 Nf2+ 0-1

[Event "I. CLANSKA LIGA ZAHOD 2025"]
[Site "Komenda"]
[Date "2025.09.26"]
[Round "1.3"]
[White "Feinig, Mario"]
[Black "Krupenko, Peter"]
[Result "1-0"]
[WhiteElo "2192"]
[BlackElo "1968"]
[PlyCount "75"]
[EventDate "2025.09.26"]
[WhiteTeam "SK STARI MAYR KRANJ"]
[BlackTeam "SK TRZIN"]

1. e4 e5 2. Nf3 Nf6 3. Nxe5 d6 4. Nf3 Nxe4 5. d3 Nf6 6. d4 d5 7. Bd3 Be7 8. O-O
O-O 9. Bg5 Bg4 10. Nbd2 Nbd7 11. Re1 Re8 12. c3 c6 13. Qc2 Bh5 14. Ne5 Nf8 15.
h3 Bg6 16. Nxg6 hxg6 17. Nf3 N6d7 18. Bf4 Ne6 19. Rxe6 fxe6 20. Bxg6 Rf8 21.
Bg3 Nf6 22. Ng5 Qd7 23. Re1 Ne4 24. Nxe4 dxe4 25. Qxe4 Qd5 26. Qg4 Qg5 27.
Qxe6+ Kh8 28. h4 Qh6 29. h5 Bf6 30. f4 Bd8 31. Qd6 Bf6 32. Qd7 Rad8 33. Qg4 Ra8
34. Re6 Rad8 35. Bf2 Kg8 36. Be3 Rd5 37. f5 Qh8 38. h6 1-0

[Event "I. CLANSKA LIGA ZAHOD 2025"]
[Site "Komenda"]
[Date "2025.09.26"]
[Round "1.3"]
[White "Jakob, Matthias"]
[Black "Mircic, Ivan"]
[Result "1/2-1/2"]
[WhiteElo "1996"]
[BlackElo "2173"]
[PlyCount "43"]
[EventDate "2025.09.26"]
[WhiteTeam "SK TRZIN"]
[BlackTeam "SK STARI MAYR KRANJ"]

1. e4 c5 2. Nf3 e6 3. d4 cxd4 4. Nxd4 a6 5. Nc3 Qc7 6. Bd3 Nc6 7. Be3 Nf6 8.
O-O Be7 9. a4 O-O 10. Kh1 d6 11. f4 Bd7 12. Qf3 Rac8 13. Qg3 Kh8 14. Rae1 e5
15. fxe5 Nxe5 16. Nf5 Bxf5 17. Rxf5 Rfd8 18. Bd4 Nc6 19. Be3 Ne5 20. Bd4 Nc6
21. Be3 Ne5 22. Bd4 1/2-1/2

[Event "I. CLANSKA LIGA ZAHOD 2025"]
[Site "Komenda"]
[Date "2025.09.26"]
[Round "1.3"]
[White "Djuric, Petar"]
[Black "Suhadolnik, Jernej"]
[Result "0-1"]
[WhiteElo "2167"]
[BlackElo "1887"]
[PlyCount "158"]
[EventDate "2025.09.26"]
[WhiteTeam "SK STARI MAYR KRANJ"]
[BlackTeam "SK TRZIN"]

1. c4 g5 2. d3 Bg7 3. Nc3 e6 4. g3 Nc6 5. Bg2 b6 6. Bd2 Bb7 7. b4 Rb8 8. Rb1
Nge7 9. Qc1 h6 10. b5 Ne5 11. Bxb7 Rxb7 12. f4 gxf4 13. gxf4 N5g6 14. Nf3 Rg8
15. Ne4 f5 16. Ng3 c5 17. bxc6 Nxc6 18. Be3 Nh4 19. O-O h5 20. Kh1 Nxf3 21.
Rxf3 h4 22. Nf1 Bd4 23. Qe1 d6 24. Qf2 Qf6 25. Rh3 Rbg7 26. Nd2 Rg2 27. Qxg2
Rxg2 28. Kxg2 Qg7+ 29. Kh1 Qg4 30. Rf3 Bxe3 31. Rxe3 Qxf4 32. Nf1 Nd4 33. Kg2
e5 34. a4 Qg4+ 35. Kf2 f4 36. Re4 Kd7 37. Nd2 Qh3 38. Rh1 Nf5 39. Nf3 Ng3 40.
hxg3 Qxh1 41. gxf4 exf4 42. Rxf4 h3 43. Rg4 h2 44. Rh4 Qa1 45. Rxh2 Qxa4 46.
Rh7+ Ke8 47. Rh8+ Kf7 48. Rh7+ Kg6 49. Rb7 Qa5 50. Rd7 Qc5+ 51. d4 Qa3 52. e4
a5 53. e5 dxe5 54. dxe5 Kf5 55. Rf7+ Ke4 56. e6 Qe3+ 57. Kg3 Kd3 58. e7 Kxc4
59. Kg2 a4 60. Rf4+ Kc3 61. Rxa4 Qxe7 62. Kf2 b5 63. Ra1 b4 64. Rc1+ Kb2 65.
Re1 Qd6 66. Re2+ Kc3 67. Re3+ Kb2 68. Ke2 Kc1 69. Rd3 Qe6+ 70. Kf2 Qb6+ 71. Ke2
b3 72. Nd2 Qe6+ 73. Re3 Qg4+ 74. Nf3 b2 75. Rc3+ Kb1 76. Ke3 Qe6+ 77. Kd3 Qd5+
78. Nd4 Ka2 79. Rc2 Ka1 0-1

[Event "I. CLANSKA LIGA ZAHOD 2025"]
[Site "Komenda"]
[Date "2025.09.26"]
[Round "1.3"]
[White "Porenta, Matija"]
[Black "Kersic, Matej"]
[Result "0-1"]
[WhiteElo "1831"]
[BlackElo "2054"]
[PlyCount "82"]
[EventDate "2025.09.26"]
[WhiteTeam "SK TRZIN"]
[BlackTeam "SK STARI MAYR KRANJ"]

1. e4 c5 2. Nf3 d6 3. d4 cxd4 4. Nxd4 Nf6 5. Nc3 a6 6. Bg5 e6 7. f4 Be7 8. Qf3
h6 9. Bh4 Qc7 10. Bf2 Nc6 11. a3 Bd7 12. Bd3 Rc8 13. O-O b5 14. Nxc6 Bxc6 15.
Qe2 O-O 16. Rac1 Qb7 17. Rfe1 Nd7 18. Bd4 e5 19. Be3 exf4 20. Bxf4 Ne5 21. Bxe5
dxe5 22. Nd1 Bg5 23. Rb1 g6 24. Kh1 Qb6 25. Rf1 Kg7 26. Nf2 Bd7 27. h3 h5 28.
c3 Be6 29. Kh2 Rfd8 30. Rbd1 Qe3 31. Qxe3 Bxe3 32. Kg3 Bb3 33. Be2 Bxf2+ 34.
Kxf2 Bxd1 35. Rxd1 Rxd1 36. Bxd1 h4 37. Bc2 Kf6 38. Ke3 Kg5 39. Bd3 f5 40. a4
bxa4 41. Bxa6 Rb8 0-1

[Event "I. CLANSKA LIGA ZAHOD 2025"]
[Site "Komenda"]
[Date "2025.09.26"]
[Round "1.3"]
[White "Podvrsnik, Marko"]
[Black "Bajec, Borut"]
[Result "1-0"]
[WhiteElo "2128"]
[BlackElo "1727"]
[PlyCount "77"]
[EventDate "2025.09.26"]
[WhiteTeam "SK STARI MAYR KRANJ"]
[BlackTeam "SK TRZIN"]

1. d4 d5 2. Nf3 Nf6 3. c4 e6 4. g3 Be7 5. Bg2 O-O 6. O-O b6 7. Ne5 Bb7 8. Nc3
c6 9. e4 h6 10. Be3 Bd6 11. Qe2 Nbd7 12. Nxd7 Nxd7 13. exd5 exd5 14. cxd5 c5
15. Rfe1 Re8 16. Qg4 Nf6 17. Qf3 c4 18. a3 b5 19. Qf5 Bc8 20. Qc2 a6 21. h3 Ra7
22. Bd2 Rae7 23. Rxe7 Rxe7 24. Re1 Qe8 25. Qb1 Bd7 26. Rxe7 Qxe7 27. Qe1 Qd8
28. Ne4 Nxe4 29. Qxe4 Qc8 30. g4 f5 31. gxf5 Bxf5 32. Qf3 Bd3 33. Bf4 Qd7 34.
Be5 a5 35. h4 Bc2 36. Bh3 Qe7 37. Qf4 b4 38. Be6+ Kh7 39. Bxd6 1-0

[Event "I. CLANSKA LIGA ZAHOD 2025"]
[Site "Komenda"]
[Date "2025.09.26"]
[Round "1.3"]
[White "Konvalinka, Kostja"]
[Black "Zupan, Gorazd"]
[Result "0-1"]
[WhiteElo "1704"]
[BlackElo "1896"]
[PlyCount "102"]
[EventDate "2025.09.26"]
[WhiteTeam "SK TRZIN"]
[BlackTeam "SK STARI MAYR KRANJ"]

1. e4 d5 2. exd5 Qxd5 3. Nc3 Qd6 4. d4 a6 5. Nf3 Bg4 6. Bc4 Nf6 7. O-O Nc6 8.
Re1 O-O-O 9. d5 Nb4 10. a3 Nbxd5 11. Nxd5 Nxd5 12. Bxd5 Qxd5 13. Qxd5 Rxd5 14.
Ng5 Bh5 15. Be3 h6 16. Ne4 e6 17. f3 Be7 18. c4 Rd3 19. Rad1 Rhd8 20. Rxd3 Rxd3
21. Kf2 Bg6 22. Bc5 Bh4+ 23. g3 Bxe4 24. Rxe4 Bf6 25. b4 Rxa3 26. b5 Ra2+ 27.
Re2 Ra4 28. Rc2 axb5 29. cxb5 Ra5 30. b6 Rxc5 31. Rxc5 Bd4+ 32. Ke2 Bxc5 33.
bxc7 Kxc7 34. Kd3 b5 35. Kc3 Kd6 36. Kd3 Ke5 37. Kc3 Kf5 38. Kd3 h5 39. Kc3 h4
40. Kd3 g5 41. Ke2 h3 42. Kf1 Bd6 43. Kf2 b4 44. Ke3 Bxg3 45. Kd4 Bxh2 46. Kc4
Bd6 47. f4 h2 48. fxg5 h1=Q 49. g6 b3 50. g7 Qg2 51. Kxb3 Qxg7 0-1

[Event "I. CLANSKA LIGA ZAHOD 2025"]
[Site "Komenda"]
[Date "2025.09.26"]
[Round "1.4"]
[White "Belyaletdinov, Leonard"]
[Black "Gantar, Jan"]
[Result "0-1"]
[WhiteElo "2130"]
[BlackElo "2178"]
[PlyCount "76"]
[EventDate "2025.09.26"]
[WhiteTeam "TAJFUN - SK LJUBLJANA"]
[BlackTeam "SK KOMENDA"]

1. e4 Nf6 2. e5 Nd5 3. d4 d6 4. Nf3 Nb6 5. c4 g6 6. exd6 cxd6 7. Bd3 Bg4 8. b3
Bg7 9. Bb2 Nc6 10. Be2 O-O 11. O-O d5 12. c5 Nc8 13. Na3 e6 14. Nc2 N8e7 15. b4
a6 16. a4 Nf5 17. b5 Na5 18. Nd2 Bxe2 19. Qxe2 Re8 20. f4 b6 21. c6 Nd6 22. Bc3
Nac4 23. Nxc4 dxc4 24. Rab1 axb5 25. axb5 Ra2 26. Rfc1 Qf6 27. Bb4 Qxf4 28.
Bxd6 Qxd6 29. Qxc4 Qd5 30. Qxd5 exd5 31. Nb4 Bxd4+ 32. Kh1 Rd2 33. c7 Bc5 34.
Rxc5 bxc5 35. b6 Rb2 36. Rc1 Rxb4 37. h3 Rxb6 38. Rxc5 Rc8 0-1

[Event "I. CLANSKA LIGA ZAHOD 2025"]
[Site "Komenda"]
[Date "2025.09.26"]
[Round "1.4"]
[White "Lucovnik, Tilen"]
[Black "Glavac, Leo"]
[Result "0-1"]
[WhiteElo "2154"]
[BlackElo "1974"]
[PlyCount "86"]
[EventDate "2025.09.26"]
[WhiteTeam "SK KOMENDA"]
[BlackTeam "TAJFUN - SK LJUBLJANA"]

1. e4 e5 2. Nf3 Nc6 3. d4 exd4 4. Nxd4 Bc5 5. Nxc6 bxc6 6. Bd3 Ne7 7. Nd2 O-O
8. Nb3 Bb6 9. a4 a6 10. a5 Ba7 11. Bg5 f6 12. Bd2 d6 13. Bc3 f5 14. O-O fxe4
15. Bxe4 d5 16. Bf3 c5 17. Be5 c4 18. Nd4 c5 19. Ne2 Bb8 20. Bg3 Bxg3 21. hxg3
Be6 22. Nf4 Bf7 23. Re1 Qd6 24. c3 Rab8 25. Qe2 Rfe8 26. Rad1 d4 27. cxd4 cxd4
28. Qd2 d3 29. Re4 Nc6 30. Rxe8+ Rxe8 31. Bxc6 Qxc6 32. Re1 Rb8 33. Qc3 Qd6 34.
Rd1 Qb4 35. Qe5 Re8 36. Qd4 Qxa5 37. Kh2 Qe5 38. Qb6 Rb8 39. Qxa6 Qxb2 40. Re1
d2 41. Re2 c3 42. Qd6 Qb6 43. Qd3 Qb1 0-1

[Event "I. CLANSKA LIGA ZAHOD 2025"]
[Site "Komenda"]
[Date "2025.09.26"]
[Round "1.4"]
[White "Srebrnic, Vojko"]
[Black "Macek, Inti"]
[Result "1-0"]
[WhiteElo "1964"]
[BlackElo "1920"]
[PlyCount "111"]
[EventDate "2025.09.26"]
[WhiteTeam "TAJFUN - SK LJUBLJANA"]
[BlackTeam "SK KOMENDA"]

1. e4 e5 2. Nc3 Nf6 3. Bc4 Bc5 4. d3 h6 5. f4 d6 6. Nf3 Nc6 7. Na4 Bb6 8. Nxb6
axb6 9. O-O exf4 10. Bxf4 O-O 11. Qd2 Kh7 12. a3 Be6 13. Bxe6 fxe6 14. h3 Nh5
15. Bh2 e5 16. d4 exd4 17. Nxd4 Nxd4 18. Qxd4 Qg5 19. e5 dxe5 20. Qxe5 Qxe5 21.
Bxe5 c6 22. g4 Nf6 23. Bxf6 gxf6 24. Rad1 Rf7 25. Rd6 Raf8 26. Rf5 Kg7 27. Kf2
Re8 28. Rf3 Re5 29. Re3 Rxe3 30. Kxe3 Re7+ 31. Kf3 Kf7 32. a4 Kg7 33. Rd4 Kg6
34. Rb4 Kg5 35. Rxb6 f5 36. gxf5 Kxf5 37. a5 Rc7 38. a6 bxa6 39. Rxa6 Kg5 40.
Ra4 Rb7 41. b3 Rd7 42. Rc4 Rd6 43. h4+ Kg6 44. Rc5 Re6 45. Kf4 Kf6 46. h5 Rd6
47. Ke4 Ke6 48. b4 Kf6 49. c4 Re6+ 50. Kd4 Rd6+ 51. Kc3 Re6 52. b5 cxb5 53.
cxb5 Re3+ 54. Kb4 Re8 55. b6 Rb8 56. Kb5 1-0

[Event "I. CLANSKA LIGA ZAHOD 2025"]
[Site "Komenda"]
[Date "2025.09.26"]
[Round "1.4"]
[White "Babarovic, Fran"]
[Black "Levacic, Matic"]
[Result "1-0"]
[WhiteElo "1901"]
[BlackElo "1875"]
[PlyCount "81"]
[EventDate "2025.09.26"]
[WhiteTeam "SK KOMENDA"]
[BlackTeam "TAJFUN - SK LJUBLJANA"]

1. e4 e6 2. d4 d5 3. Nc3 Bb4 4. e5 c5 5. a3 Bxc3+ 6. bxc3 Qc7 7. Bd2 Nc6 8. Bb5
a6 9. Bxc6+ bxc6 10. Qg4 f5 11. Qh5+ g6 12. Qd1 a5 13. h4 cxd4 14. cxd4 c5 15.
c3 Bd7 16. h5 Ne7 17. Nh3 cxd4 18. cxd4 Qc4 19. Bg5 Qc3+ 20. Kf1 Bb5+ 21. Kg1
Nc6 22. Nf4 Kf7 23. Bf6 g5 24. Rc1 Qxa3 25. Bxg5 h6 26. Bf6 Rhg8 27. Rh3 Qa4
28. Qxa4 Bxa4 29. Ra3 Bb5 30. Rb3 Rab8 31. Rxb5 Rxb5 32. Rxc6 Rb7 33. Ra6 Rg4
34. Nxe6 Rb1+ 35. Kh2 Ra1 36. Ra7+ Kg8 37. Ra8+ Kf7 38. Nd8+ Kg8 39. Nb7+ Kf7
40. Nd6+ Ke6 41. Ra7 1-0

[Event "I. CLANSKA LIGA ZAHOD 2025"]
[Site "Komenda"]
[Date "2025.09.26"]
[Round "1.4"]
[White "Jaksa, Ema"]
[Black "Hribar, Izak"]
[Result "1-0"]
[WhiteElo "1825"]
[BlackElo "1706"]
[PlyCount "95"]
[EventDate "2025.09.26"]
[WhiteTeam "TAJFUN - SK LJUBLJANA"]
[BlackTeam "SK KOMENDA"]

1. e4 c5 2. Nc3 g6 3. g3 Bg7 4. Bg2 d6 5. d3 Nc6 6. f4 e6 7. Nf3 Nge7 8. O-O
Nd4 9. Be3 Nec6 10. Rb1 Nxf3+ 11. Qxf3 Nd4 12. Qf2 Nc6 13. e5 Nd4 14. Bxd4 cxd4
15. Qxd4 dxe5 16. Qxd8+ Kxd8 17. fxe5 Ke7 18. d4 a6 19. Rf2 Rb8 20. Rbf1 Rf8
21. Ne4 Bh6 22. Rf3 Bd7 23. Nd6 Be8 24. Rc3 Bd7 25. Bxb7 Rxb7 26. Nxb7 Bd2 27.
Rc7 Be3+ 28. Kg2 Rb8 29. Nc5 Rd8 30. Nxd7 Rxd7 31. Rxd7+ Kxd7 32. Rxf7+ Kc6 33.
c4 Bxd4 34. Re7 Bxb2 35. Rxe6+ Kd7 36. Rxa6 Bxe5 37. Kf3 Bd6 38. Ke4 Bc5 39.
Kd5 Bg1 40. c5 Bxh2 41. Ra7+ Kd8 42. Rxh7 Bxg3 43. a4 g5 44. a5 Bb8 45. a6 g4
46. a7 Bxa7 47. Rxa7 g3 48. Kd6 1-0

[Event "I. CLANSKA LIGA ZAHOD 2025"]
[Site "Komenda"]
[Date "2025.09.26"]
[Round "1.4"]
[White "Cimperman, Teo"]
[Black "Markus, David"]
[Result "0-1"]
[WhiteElo "1661"]
[BlackElo "1800"]
[PlyCount "100"]
[EventDate "2025.09.26"]
[WhiteTeam "SK KOMENDA"]
[BlackTeam "TAJFUN - SK LJUBLJANA"]

1. e4 c5 2. Nf3 e6 3. d4 cxd4 4. Nxd4 a6 5. Nc3 Qc7 6. Be3 Nf6 7. g3 Bb4 8. Bd3
d5 9. f3 e5 10. Qd2 exd4 11. Bxd4 Be6 12. Qg5 Nc6 13. Qxg7 Rg8 14. Qxf6 Be7 15.
Qh6 Nxd4 16. exd5 Nxf3+ 17. Kf2 Bg4 18. Ne4 O-O-O 19. h3 Ne5 20. Qe3 Bh5 21.
Rae1 Rxd5 22. a3 Bc5 23. Nxc5 Qxc5 24. Qxc5+ Rxc5 25. Bxh7 Rd8 26. Bf5+ Kc7 27.
g4 Bg6 28. Bxg6 fxg6 29. Re2 Rcd5 30. Kg3 g5 31. Rhe1 Ng6 32. Re6 Nf4 33. Re7+
Kc6 34. h4 Ng6 35. R7e6+ R8d6 36. h5 Nf4 37. Re8 Rd2 38. Rg8 R6d5 39. h6 Rg2+
40. Kf3 Rh2 41. Rh8 Rd6 42. h7 Ng6 43. Rc8+ Kd7 44. Rb8 Kc7 45. Ree8 Rxh7 46.
Rbc8+ Kb6 47. c4 Rc7 48. Rxc7 Kxc7 49. Ke4 Rf6 50. c5 Rf4+ 0-1

[Event "I. CLANSKA LIGA ZAHOD 2025"]
[Site "Komenda"]
[Date "2025.09.26"]
[Round "1.5"]
[White "Plaskan, Jure"]
[Black "Doric, Darko"]
[Result "1-0"]
[WhiteElo "2215"]
[BlackElo "2444"]
[PlyCount "73"]
[EventDate "2025.09.26"]
[WhiteTeam "SD DOMZALE"]
[BlackTeam "SK NOVA GORICA"]

1. e4 c6 2. Nc3 d5 3. Nf3 Bg4 4. h3 Bxf3 5. Qxf3 e6 6. d3 Nd7 7. Be2 Bd6 8. d4
Ne7 9. O-O Bb4 10. exd5 cxd5 11. Nb5 Ng6 12. c4 Nf6 13. c5 O-O 14. Bg5 Ba5 15.
h4 h6 16. h5 hxg5 17. hxg6 fxg6 18. Qe3 Qd7 19. Nd6 Nh7 20. Bg4 Rf6 21. Qb3 Bc7
22. Qxb7 Rb8 23. Qxa7 Qe7 24. Qa6 Rf4 25. Nc8 Qd8 26. Qxe6+ Kf8 27. Rae1 Nf6
28. Ne7 Qe8 29. Nxd5 Qxe6 30. Bxe6 Nxd5 31. Bxd5 Rxd4 32. Bb3 Rd2 33. Re3 g4
34. Rfe1 Rxb2 35. Re7 R8xb3 36. axb3 g3 37. R7e2 1-0